| 000 | 00697nam a2200253Ia 4500 | ||
|---|---|---|---|
| 001 | 17759 | ||
| 003 | GE_BSU | ||
| 008 | 181216s||||||||xx |||||||||||||| ||und|| | ||
| 020 | _a9782278066575 | ||
| 040 | _cGE_BSU | ||
| 080 | _a811.133.1 | ||
| 100 | _aCorina Brillant,Virgine Bazou,Romain Racine, Jean-Charles Schenker | ||
| 245 | _aLe Nouvel edito.Niveau B.2.Metode francais | ||
| 245 | _b(ქსეროქსი) | ||
| 245 | _cEdition: Sylive Baudet | ||
| 260 | _aParis | ||
| 260 | _bDidier | ||
| 260 | _c2010 | ||
| 300 | _a224p;30cm. | ||
| 541 | _h7ლ.55თ | ||
| 653 | _aLe Nouvel edito.Niveau B.2.Metode francais | ||
| 653 | _aფრანგული ენა | ||
| 942 | _cBK | ||
| 999 |
_c50806 _d50806 |
||